Release from fear and anxiety / (Record no. 18241)

000 -LEADER
fixed length control field 00719nam a2200265 i 4500
001 - CONTROL NUMBER
control field 327445
003 - CONTROL NUMBER IDENTIFIER
control field OkBaRHE
005 - DATE AND TIME OF LATEST TRANSACTION
control field 20200313162138.0
008 - FIXED-LENGTH DATA ELEMENTS--GENERAL INFORMATION
fixed length control field 760319s1976 txu b 000 0 eng
010 ## - LIBRARY OF CONGRESS CONTROL NUMBER
LC control number 75019908
020 ## - INTERNATIONAL STANDARD BOOK NUMBER
Terms of availability $5.95
040 ## - CATALOGING SOURCE
Original cataloging agency DLC
Transcribing agency DLC
Modifying agency DLC
050 00 - LIBRARY OF CONGRESS CALL NUMBER
Classification number BF 575.F2
Item number O7
082 00 - DEWEY DECIMAL CLASSIFICATION NUMBER
Classification number 157/.3/2
100 1# - MAIN ENTRY--PERSONAL NAME
Personal name Osborne, Cecil G.
245 10 - TITLE STATEMENT
Title Release from fear and anxiety /
Statement of responsibility, etc Cecil Osborne.
260 ## - PUBLICATION, DISTRIBUTION, ETC. (IMPRINT)
Place of publication, distribution, etc Waco, Tex. :
Name of publisher, distributor, etc Word Books,
Date of publication, distribution, etc c1976.
300 ## - PHYSICAL DESCRIPTION
Extent 211 p. ;
Dimensions 23 cm.
504 ## - BIBLIOGRAPHY, ETC. NOTE
Bibliography, etc Includes bibliographical references.
650 #0 - SUBJECT ADDED ENTRY--TOPICAL TERM
Topical term or geographic name as entry element Fear.
9 (RLIN) 1192
650 #0 - SUBJECT ADDED ENTRY--TOPICAL TERM
Topical term or geographic name as entry element Anxiety.
650 #0 - SUBJECT ADDED ENTRY--TOPICAL TERM
Topical term or geographic name as entry element Psychology, Religious.
906 ## - LOCAL DATA ELEMENT F, LDF (RLIN)
a 7
b cbc
c orignew
d 2
e ocip
f 19
g y-gencatlg
942 ## - ADDED ENTRY ELEMENTS (KOHA)
Source of classification or shelving scheme
Koha item type Books
Copies
Date last seen Permanent Location Not for loan Date acquired Barcode Koha item type Price effective from Current Location Source of classification or shelving scheme Shelving location Lost status Full call number Damaged status Withdrawn status
2020-03-13RHEMA Bible Training College 2020-03-1323006Books2020-03-13RHEMA Bible Training College General Stacks BF 575.F2 O7